| 000 | 01401nam a2200253 i 4500 | ||
|---|---|---|---|
| 003 | DO-SdBNP | ||
| 005 | 20260318133700.0 | ||
| 007 | ta | ||
| 008 | 260225b2013 dr a|||| |||| 00| 0 spa d | ||
| 040 |
_aDO-SdBNP _bspa _cBNPHU _erda |
||
| 041 | _aspa | ||
| 082 | 4 |
_a0 _b0 _222 |
|
| 245 | 1 | 0 |
_aAtención en salud a la violencia contra las mujeres y violencia intrafamiliar en el Hospital Dr. Luis E. Aybar : _bmodelo de intervención para la aplicación de las Normas Nacionales de Atención Integral en Salud de la Violencia Intrafamiliar y Violencia contra la Mujeres. |
| 264 |
_aSanto Domingo, República Domincana : _bProfamilia, _c2013 |
||
| 300 |
_a40 páginas : _bilustraciones ; _c27 cm |
||
| 336 |
_atexto _btxt _2rdacontent |
||
| 337 |
_asin mediación _bn _2rdamedia |
||
| 338 |
_avolumen _bnc _2rdacarrier |
||
| 505 | _aPresentación 5 -- Marco de referencia 7 -- Objetivos 9 -- Enfoques y principios 10 -- Ejes de actuación 13 -- Organización de la atención 20 -- Flujograma 23 -- Comisión de vigilancia para la atención integral a la violencia contra las mujeres y la violencia intrafamiliar 24 -- Documentos consultados 27 -- Anexos 29 | ||
| 590 | _aInventariado, 2026 /LP | ||
| 710 | 2 |
_aComisión de Vigilancia de la Atención Integral en Salud a la Violencia Contra las Mujeres y Violencia Intra Familiar del Hospital Dr. Luis Aybar. _989240 |
|
| 910 | _aLP | ||
| 942 |
_2ddc _cLF2 |
||
| 999 |
_c60391 _d60391 |
||